Derecho de familia Tomo I

Detalles Bibliográficos
Autor principal: Ramos Pazos, Reň
Formato: eBook
Lenguaje:español
Publicado: [Chile] : Editorial jurd̕ica de Chile, 2010.
Colección:Estudios jurd̕icos
Materias:
Acceso en línea:Acceso restringido

MARC

LEADER 00000nam a22000007a 4500
005 20111004102333.0
008 111004s2010 cl |||||s|||| 00||0 spa d
020 |a 956-10-2035-1 
035 |a 5976 
040 |a vLex 
090 |c 2601  |d 2601 
100 1 |a Ramos Pazos, Reň 
245 1 0 |a Derecho de familia  |h [Recurso electrn̤ico] /  |c Ren ̌Ramos Pazos  |n Tomo I 
256 |a Servicio en ln̕ea. 
260 |a [Chile] :  |b Editorial jurd̕ica de Chile,  |c 2010. 
300 |a 1 recurso electrn̤ico 
490 0 |a Estudios jurd̕icos 
506 1 |a Contenido solo disponible en los productos indicados  |d vLex Global  |d vLex Global (Academic Edition, excluding Law Schools)  |d vLex Global (U.S. Academic Edition, Law Schools)  |d vLex Global (U.S. Academic Edition, excluding Law Schools)  |d vLex Global (Academic Edition, Law Schools) 
650 0 4 |a Derecho de familia  |z Chile 
740 0 |a vLex Libros (Servicio en ln̕ea) 
856 4 0 |u http://vlex.com/source/5976  |z Acceso restringido 
942 |c BOOK